The Betrayals, (Record no. 6557)

MARC details
005 - DATE AND TIME OF LATEST TRANSACTION
control field 20250702080301.0
020 ## - INTERNATIONAL STANDARD BOOK NUMBER
International Standard Book Number 978-1-405-92345-3
082 ## - DEWEY DECIMAL CLASSIFICATION NUMBER
Classification number NEI
100 ## - MAIN ENTRY--PERSONAL NAME
Author name NEILL, F.
245 ## - TITLE STATEMENT
Title The Betrayals,
260 ## - PUBLICATION, DISTRIBUTION, ETC.
Place of publication, distribution, etc. New York,
Name of publisher, distributor, etc. Penguin Random House,
Date of publication, distribution, etc. 2017.
300 ## - PHYSICAL DESCRIPTION
Extent 392p,:
Dimensions 19.5cm
942 ## - ADDED ENTRY ELEMENTS (KOHA)
Source of classification or shelving scheme Dewey Decimal Classification
Koha item type Books
Holdings
Date last seen Total checkouts Full call number Barcode Cost, replacement price Price effective from Koha item type Lost status Source of classification or shelving scheme Damaged status Not for loan Withdrawn status Home library Current library Shelving location Date acquired Cost, normal purchase price
07/02/2025   NEI DOM0003073 90000.00 07/02/2025 Books   Dewey Decimal Classification       CBE Dodoma CBE Dodoma General Collection 02/04/2019 30000.00